Presidential leadership and African Americans : "an American dilemma" from slavery to the White House /

Bibliographic Details
Main Author: Goethals, George R. (Author)
Format: Book
Language:English
Published: New York : Routledge, [2015]
Series:Leadership: research and practice series.
Subjects:

MARC

Tag First Indicator Second Indicator Subfields
LEADER 00000cam a2200000 i 4500
001 in00003533976
005 20151105210253.0
008 150210t20152015nyua b 001 0deng
010 |a  2014041473 
020 |a 9781138814240  |q hardcover 
020 |a 1138814245  |q hardcover 
020 |a 9781138814257  |q paperback 
020 |a 1138814253  |q paperback 
020 |z 9781315747620  |q electronic book 
035 |a (OCoLC)ocn892879329 
040 |a DLC  |e rda  |c DLC  |d UtOrBLW 
043 |a n-us--- 
049 |a TXAM 
050 0 0 |a E176.472.A34  |b G63 2015 
082 0 0 |a 323.1196/073  |2 23 
100 1 |a Goethals, George R.,  |e author. 
245 1 0 |a Presidential leadership and African Americans :  |b "an American dilemma" from slavery to the White House /  |c by George R. Goethals. 
264 1 |a New York :  |b Routledge,  |c [2015] 
264 4 |c ©2015 
300 |a xvii, 213 pages ;  |c 24 cm. 
336 |a text  |b txt  |2 rdacontent 
337 |a unmediated  |b n  |2 rdamedia 
338 |a volume  |b nc  |2 rdacarrier 
490 1 |a Leadership: research and practice series 
504 |a Includes bibliographical references and index. 
505 0 |a Introduction: Presidential leadership and the American dilemma : psychological dimensions -- George Washington -- Thomas Jefferson -- Abraham Lincoln -- Ulysses S. Grant -- Theodore Roosevelt -- Woodrow Wilson -- Harry S. Truman -- Lyndon B. Johnson -- Conclusion: The last half century. 
650 0 |a Presidents  |x Relations with African Americans  |x History. 
650 0 |a Presidents  |z United States  |x Racial attitudes  |x History. 
650 0 |a Slavery  |x Political aspects  |z United States  |x History. 
650 0 |a African Americans  |x Civil rights  |x History. 
650 0 |a Political leadership  |z United States  |x Psychological aspects  |x History. 
651 0 |a United States  |x Race relations  |x Political aspects  |x History. 
651 0 |a United States  |x Politics and government. 
830 0 |a Leadership: research and practice series. 
945 |a PromptCat 
946 |a stk 
947 |a A14842987068 
948 |a cataloged  |b h  |c 2015/6/29  |d c  |e dmitchel  |f 10:00:00 am 
994 |a 92  |b TXA 
999 |a MARS 
999 f f |s 619a1d58-52e1-37cf-9e21-7518c883d417  |i 155ce492-db7e-3b62-8480-69a8adcb24b8  |t 0 
952 f f |p normal  |a Texas A&M University  |b College Station  |c Sterling C. Evans Library  |d Evans: Library Stacks  |t 0  |e E176.472.A34 G63 2015  |h Library of Congress classification  |i unmediated -- volume  |m A14842987068 
998 f f |a E176.472.A34 G63 2015  |t 0  |l Evans: Library Stacks